000 00298nam a22001337a 4500
008 190305b xxu||||| |||| 00| 0 eng d
020 _a2901111427503
041 _aeng
080 _210th
_a910
100 _a42
101 _aGJEO
245 _aPhysical Geography
_cPetersen,J.F
942 _2udc
_cBK
999 _c54572
_d54572